Quiz o Suwałkach - Statystyki

Ogólne statystyki
  • Ten quiz został rozwiązany 50 razy
  • Średni wynik to 12 z 15
Statystyki odpowiedzi
Pytanie Odpowiedź % Poprawnych
W jakim leży województwie? Podlaskie
100%
Tablice rejestracyjne: BS
95%
Najbliższe państwa: Litwa
95%
Najbliższe państwa: Białoruś
93%
Najbliższe państwa: Rosja
93%
Najsłynniejszy klub piłkarski w Suwałkach: {Wigry} Suwałki
91%
Jak się nazywa najdłuższa rzeka w mieście? Czarna Hańcza
86%
Poetka urodzona 23 maja 1842 w tym mieście: Maria Konopnicka
86%
Najbliższy Park Narodowy: {Wigierski} Park Narodowy
86%
Jak się nazywa aktualny prezydent Suwałk? Czesław Renkiewicz
84%
W którym wieku to miasto zostało założone? XVII
81%
Słynny reżyser urodzony w Suwałkach: Andrzej Wajda
74%
Plemię, które do XIII wieku zamieszkiwało tereny Suwałk: Plemię {Jaćwingów}
63%
Droga ekspresowa przebiegająca przez Suwałki: S61
53%
Jaki jest numer kierunkowy w tym mieście? 87
42%
Nie znaleziono quizów pasujących do podanych kryteriów
Rozkład punktacji
Procent ludzi z każdym wynikiem
Percentyl według liczby udzielonych odpowiedzi
Twoja historia wyników
Nie rozwiązałeś tego quizu